Infrared study of the silica/silane reaction (Record no. 61389)

MARC details
000 -LEADER
fixed length control field 00357nam a2200133Ia 4500
100 ## - MAIN ENTRY--AUTHOR NAME
Personal name Blume A et al.
245 #0 - TITLE STATEMENT
Title Infrared study of the silica/silane reaction
260 ## - PUBLICATION, DISTRIBUTION, ETC. (IMPRINT)
Name of publisher Kautschuk Gummi Kunststoffe
Year of publication 2013
300 ## - PHYSICAL DESCRIPTION
Number of Pages 63-70
650 ## - SUBJECT ADDED ENTRY--TOPICAL TERM
Topical Term FTIR-analysis
650 ## - SUBJECT ADDED ENTRY--TOPICAL TERM
Topical Term Molecular modelling
942 ## - ADDED ENTRY ELEMENTS (KOHA)
Koha item type Journals
Holdings
Withdrawn status Lost status Damaged status Not for loan Home library Current library Date acquired Serial Enumeration / chronology Koha item type
      Journals RRII Library RRII Library 18/03/2014 Volume 66, Issue 10 Journals